000 00391nam a22001457a 4500
999 _c166156
_d166156
008 190715b ||||| |||| 00| 0 eng d
020 _a8188583642
040 _aDPL
_bEnglish
050 _a180 RET
082 _a180 RET
245 _aReference Manual : Philosophy
260 _aNew Delhi
_bReference Press
300 _aVii, 352
_c22 cm.
942 _2ddc
_cEN
_h180
_mRET